[Event "Torino Province-ch"]
[Site "Torino"]
[Date "2012.02.21"]
[Round "1"]
[White "Lizzari, Nicola"]
[Black "Gastaldi, Franco"]
[Result "1/2-1/2"]
[WhiteElo "1844"]
[BlackElo "1566"]
[PlyCount "127"]
[EventDate "2012.02.21"]
[EventType "swiss"]
[EventRounds "7"]
[EventCountry "ITA"]
[SourceTitle "EXT 2015"]
[Source "ChessBase"]
[SourceDate "2014.11.20"]
[SourceVersion "1"]
[SourceVersionDate "2014.11.20"]
[SourceQuality "1"]

1. d4 d5 2. c4 e6 3. Nc3 Nf6 4. Bg5 c6 5. cxd5 exd5 6. e3 Bf5 7. Bd3 Bxd3 8. Qxd3 Nbd7 9. Nf3 Be7 10. h3 Nh5 11. Bxe7 Qxe7 12. 0-0 Nhf6 13. Nd2 0-0 14. a3 Rfe8 15. Rac1 Ne4 16. Ncxe4 dxe4 17. Qe2 Nb6 18. f4 exf3 19. Rxf3 Qd7 20. Qf2 Re7 21. Nc4 Nxc4 22. Rxc4 Rae8 23. Rc5 Re6 24. Rg5 Qe7 25. Rgf5 f6 26. Qg3 Rxe3 27. Rxf6 Rxf3 28. Rxf3 Qe1+ 29. Qxe1 Rxe1+ 30. Rf1 Rxf1+ 31. Kxf1 Kf7 32. Ke2 Ke6 33. Kd3 Kd5 34. b3 b6 35. Kc3 a6 36. b4 a5 37. bxa5 bxa5 38. a4 g5 39. g3 h5 40. g4 h4 41. Kd3 c5 42. dxc5 Kxc5 43. Ke4 Kb4 44. Kf5 Kxa4 45. Kxg5 Kb4 46. Kh6 a4 47. g5 a3 48. g6 a2 49. g7 a1Q 50. g8Q Qf6+ 51. Kh5 Qf5+ 52. Kxh4 Qf2+ 53. Qg3 Qf6+ 54. Kg4 Kc5 55. Qc7+ Kd5 56. Qb7+ Ke6 57. Qc6+ Kf7 58. Qd7+ Kg8 59. h4 Kh8 60. Qd5 Kh7 61. h5 Qg7+ 62. Kf5 Qh6 63. Qf7+ Kh8 64. Kg4 1/2-1/2

[Event "Nichelino op 8th"]
[Site "Nichelino"]
[Date "2007.10.04"]
[Round "1"]
[White "Gallucci, Alessio"]
[Black "Lizzari, Nicola"]
[Result "1-0"]
[WhiteElo "2076"]
[BlackElo "1848"]
[PlyCount "59"]
[EventDate "2007.10.04"]
[EventType "swiss"]
[EventRounds "6"]
[EventCountry "ITA"]
[SourceTitle "EXT 2010"]
[Source "ChessBase"]
[SourceDate "2010.11.25"]
[SourceVersion "1"]
[SourceVersionDate "2010.11.25"]
[SourceQuality "1"]

1. e4 g6 2. d4 Bg7 3. f4 c5 4. c3 cxd4 5. cxd4 d6 6. Nf3 Nf6 7. Nc3 e6 8. Bd3 0-0 9. 0-0 Nc6 10. Kh1 a6 11. Be3 Ng4 12. Bg1 h5 13. Rc1 e5 14. fxe5 dxe5 15. d5 Nd4 16. Nb1 f5 17. Nbd2 f4 18. Nc4 Nxf3 19. gxf3 b5 20. Nb6 Nxh2 21. Bxh2 Qxb6 22. Rc6 Qd4 23. Qd2 Qa7 24. Rxg6 Kh7 25. Rfg1 Bh6 26. Qg2 Qf7 27. Bxf4 Qxf4 28. Rg7+ Kh8 29. Rg8+ Kh7 30. Qg6# 1-0

[Event "Savigliano 6th"]
[Site "Savigliano"]
[Date "2007.06.02"]
[Round "3"]
[White "Davi, Alessandro"]
[Black "Lizzari, Nicola"]
[Result "1-0"]
[WhiteElo "1731"]
[BlackElo "1859"]
[PlyCount "135"]
[EventDate "2007.05.31"]
[EventType "swiss"]
[EventRounds "6"]
[EventCountry "ITA"]
[SourceTitle "EXT 2009"]
[Source "ChessBase"]
[SourceDate "2008.11.26"]
[SourceVersion "1"]
[SourceVersionDate "2008.11.26"]
[SourceQuality "1"]

1. d4 Nf6 2. c4 e6 3. Nf3 d5 4. Nc3 c6 5. cxd5 exd5 6. Bg5 Nbd7 7. e3 Bb4 8. Bd3 Qa5 9. Qc2 0-0 10. 0-0 Bxc3 11. bxc3 Re8 12. Rfc1 Ne4 13. Bf4 Nf8 14. h3 Qd8 15. Rab1 Ng6 16. Bh2 Qf6 17. Ne5 Qg5 18. Bxe4 dxe4 19. Bg3 Nxe5 20. dxe5 h5 21. Qxe4 Bf5 22. Qb4 Bxb1 23. Rxb1 b6 24. Rd1 c5 25. Qc4 Qf5 26. Rd6 Rad8 27. Qa6 g5 28. h4 Rxd6 29. exd6 gxh4 30. Bxh4 Qd7 31. Bg3 f6 32. Qd3 Kg7 33. Qd5 Rd8 34. Qxh5 Rh8 35. Qd1 Rd8 36. Bf4 Qf5 37. f3 Kf7 38. Qb3+ Qe6 39. Kf2 Qxb3 40. axb3 b5 41. Ke2 f5 42. Kd3 Ke6 43. e4 Rd7 44. b4 cxb4 45. cxb4 Rg7 46. g3 fxe4+ 47. Kxe4 Rg8 48. Be3 a6 49. g4 Kxd6 50. Bb6 Ke6 51. Kf4 Rc8 52. Kg5 Rg8+ 53. Kh4 Rc8 54. Kg3 Rc4 55. Ba5 Kf6 56. f4 Kg6 57. f5+ Kg5 58. Bd8+ Kh6 59. Be7 Re4 60. g5+ Kh5 61. f6 Kg6 62. Kf3 Re5 63. Kf4 Re1 64. Bd8 Kf7 65. Kf5 Rf1+ 66. Kg4 Kg6 67. Bb6 Rg1+ 68. Bxg1 1-0